The Delta Project: discovering new sources of profitability in a networked economy

Uloženo v:
Podrobná bibliografie
Hlavní autoři: Hax, Arnoldo C (Autor), Wilde, Dean L (Autor)
Médium: Kniha
Jazyk:angličtina
Vydáno: Nueva York Palgrave 2001
Témata:
Tagy: Přidat tag
Žádné tagy, Buďte první, kdo vytvoří štítek k tomuto záznamu!

MARC

LEADER 00000nam a2200000 a 4500
001 UCN8209
003 CL-VaPUC
008 011109e20010000US |||||||||||||||||eng|d
082 0 4 |a 658.4012  |b HAX  |2 21 
100 |a Hax, Arnoldo C  |e author  |9 578134 
700 0 |a Wilde, Dean L  |e author  |9 464469 
245 1 4 |a The Delta Project: discovering new sources of profitability in a networked economy 
300 |a 278 p 
942 |c BK 
945 |d 20011109 00:00:00  |a cmena 
260 |a Nueva York  |b Palgrave  |c 2001 
650 0 |a Administración de empresas   |9 260833 
650 0 |a Planificación estratégica   |9 259735 
650 0 |a Gestión de la información   |9 362327 
650 0 |a Toma de decisiones   |9 257530 
583 |a last modification  |c 20011109 00:00:00  |k Rodrigo Vera 
999 |c 298236  |d 298234 
952 |0 0  |1 0  |4 0  |6 658_401200000000000_HAX_2001  |7 0  |8 A  |9 353718  |a BIBING  |b BIBING  |d 2019-11-21  |i 3769437  |o 658.4012 HAX 2001  |p 3769437  |r 2025-01-20  |w 2019-11-21  |y BK  |k EII